<?xml version="1.0" encoding="UTF-8"?>
<record
    xmlns:xsi="http://www.w3.org/2001/XMLSchema-instance"
    xsi:schemaLocation="http://www.loc.gov/MARC21/slim http://www.loc.gov/standards/marcxml/schema/MARC21slim.xsd"
    xmlns="http://www.loc.gov/MARC21/slim">

  <leader>01225nam a22002297a 4500</leader>
  <controlfield tag="003">KOHA_M&#x130;RAKIL</controlfield>
  <controlfield tag="005">20250630181437.0</controlfield>
  <controlfield tag="008">250630b        tu ||||| |||| 00| 0 tur d</controlfield>
  <datafield tag="020" ind1=" " ind2=" ">
    <subfield code="a">9786059347372</subfield>
  </datafield>
  <datafield tag="040" ind1=" " ind2=" ">
    <subfield code="a">TR-AnABB</subfield>
    <subfield code="b">tur</subfield>
    <subfield code="c">TR-AnABB</subfield>
  </datafield>
  <datafield tag="041" ind1=" " ind2=" ">
    <subfield code="a">tur</subfield>
  </datafield>
  <datafield tag="082" ind1=" " ind2=" ">
    <subfield code="a">779.4056511</subfield>
    <subfield code="b">BIR 2025</subfield>
  </datafield>
  <datafield tag="110" ind1="1" ind2=" ">
    <subfield code="a">Ankara B&#xFC;y&#xFC;k&#x15F;ehir Belediyesi Gen&#xE7;lik ve Spor Hizmetleri Dairesi Ba&#x15F;kanl&#x131;&#x11F;&#x131;</subfield>
    <subfield code="9">2167</subfield>
  </datafield>
  <datafield tag="245" ind1="0" ind2="0">
    <subfield code="a">Bir zamanlar Ankara /</subfield>
    <subfield code="c">Ankara B&#xFC;y&#xFC;k&#x15F;ehir Belediyesi Gen&#xE7;lik ve Spor Hizmetleri Dairesi Ba&#x15F;kanl&#x131;&#x11F;&#x131; ; yay&#x131;n koordinat&#xF6;r&#xFC;: Serkan Yorganc&#x131;lar; yay&#x131;n kurulu: Halil &#x130;brahim Y&#x131;lmaz, Sava&#x15F; Zafer &#x15E;ahin, Lale &#xD6;zgenel, &#xD6;mer &#x15E;an, Esra Erten, S&#xFC;reyya Demirel, Mustafa Tun&#xE7;, Turan Duman</subfield>
  </datafield>
  <datafield tag="246" ind1=" " ind2=" ">
    <subfield code="a">Dericizade Faruk K&#xFC;&#xE7;&#xFC;k'&#xFC;n koleksiyonundan tarihi Ankara foto&#x11F;raflar&#x131;</subfield>
  </datafield>
  <datafield tag="260" ind1=" " ind2=" ">
    <subfield code="a">Ankara:</subfield>
    <subfield code="b">Ankara B&#xFC;y&#xFC;k&#x15F;ehir Belediyesi Gen&#xE7;lik ve Spor Hizmetleri Dairesi Ba&#x15F;kanl&#x131;&#x11F;&#x131;,</subfield>
    <subfield code="c">2025</subfield>
  </datafield>
  <datafield tag="300" ind1=" " ind2=" ">
    <subfield code="a">312 sayfa; </subfield>
    <subfield code="c">24 cm</subfield>
  </datafield>
  <datafield tag="700" ind1="1" ind2=" ">
    <subfield code="a">Yorganc&#x131;lar, Serkan,</subfield>
    <subfield code="e">yay&#x131;n koordinat&#xF6;r&#xFC;</subfield>
    <subfield code="9">2168</subfield>
  </datafield>
  <datafield tag="856" ind1=" " ind2=" ">
    <subfield code="u">https://katalog.ankara.bel.tr/cgi-bin/koha/opac-retrieve-file.pl?id=9fd101c975eb9d1298b60b418ef42455</subfield>
    <subfield code="q">pdf</subfield>
    <subfield code="3">Tam Metin Eri&#x15F;imi (PDF)</subfield>
  </datafield>
  <datafield tag="900" ind1=" " ind2=" ">
    <subfield code="b">Can &#xC7;ELIK</subfield>
  </datafield>
  <datafield tag="942" ind1=" " ind2=" ">
    <subfield code="2">ddc</subfield>
    <subfield code="c">BK</subfield>
  </datafield>
  <datafield tag="952" ind1=" " ind2=" ">
    <subfield code="0">0</subfield>
    <subfield code="1">0</subfield>
    <subfield code="2">ddc</subfield>
    <subfield code="7">0</subfield>
    <subfield code="a">ULU</subfield>
    <subfield code="b">ULU</subfield>
    <subfield code="d">2025-06-30</subfield>
    <subfield code="l">0</subfield>
    <subfield code="o">779.4056511 BIR 2025</subfield>
    <subfield code="p">E-BOOK</subfield>
    <subfield code="r">2025-06-30 17:46:49</subfield>
    <subfield code="w">2025-06-30</subfield>
    <subfield code="y">BK</subfield>
  </datafield>
  <datafield tag="999" ind1=" " ind2=" ">
    <subfield code="c">8909</subfield>
    <subfield code="d">8909</subfield>
  </datafield>
</record>
